<?xml version="1.0" encoding="UTF-8"?>
<record
    xmlns:xsi="http://www.w3.org/2001/XMLSchema-instance"
    xsi:schemaLocation="http://www.loc.gov/MARC21/slim http://www.loc.gov/standards/marcxml/schema/MARC21slim.xsd"
    xmlns="http://www.loc.gov/MARC21/slim">

  <leader>01561nam a22002297aa4500</leader>
  <datafield tag="952" ind1=" " ind2=" ">
    <subfield code="0">0</subfield>
    <subfield code="1">0</subfield>
    <subfield code="4">0</subfield>
    <subfield code="7">0</subfield>
    <subfield code="a">03</subfield>
    <subfield code="b">03</subfield>
    <subfield code="d">2015-11-07</subfield>
    <subfield code="l">1</subfield>
    <subfield code="o">T385 A675 2013</subfield>
    <subfield code="p">03 008514</subfield>
    <subfield code="r">2018-02-01</subfield>
    <subfield code="s">2018-02-01</subfield>
    <subfield code="t">1</subfield>
    <subfield code="w">2015-11-07</subfield>
    <subfield code="y">LB</subfield>
  </datafield>
  <datafield tag="999" ind1=" " ind2=" ">
    <subfield code="c">98395</subfield>
    <subfield code="d">98395</subfield>
  </datafield>
  <controlfield tag="008">151107s2012    sp a|||| |||| 00| 0 spa d</controlfield>
  <datafield tag="020" ind1=" " ind2=" ">
    <subfield code="a">9788426718778 (Marcombo)</subfield>
  </datafield>
  <datafield tag="020" ind1=" " ind2=" ">
    <subfield code="a">9786077075349 (Alfaomega)</subfield>
  </datafield>
  <datafield tag="050" ind1=" " ind2=" ">
    <subfield code="a">T385</subfield>
    <subfield code="b">A675 2013</subfield>
  </datafield>
  <datafield tag="245" ind1=" " ind2=" ">
    <subfield code="a">Aprender Illustrator CS6</subfield>
    <subfield code="b"> : con 100 ejercicios pr&#xE1;cticos</subfield>
  </datafield>
  <datafield tag="250" ind1=" " ind2=" ">
    <subfield code="a">1a. edici&#xF3;n </subfield>
  </datafield>
  <datafield tag="260" ind1=" " ind2=" ">
    <subfield code="a">Espa&#xF1;a</subfield>
    <subfield code="b"> : Marcombo</subfield>
    <subfield code="c">,  2013</subfield>
  </datafield>
  <datafield tag="260" ind1=" " ind2=" ">
    <subfield code="a">M&#xE9;xico</subfield>
    <subfield code="b"> : Alfaomega</subfield>
    <subfield code="c">,  2013</subfield>
  </datafield>
  <datafield tag="300" ind1=" " ind2=" ">
    <subfield code="a">213 p&#xE1;ginas</subfield>
    <subfield code="b"> : ilustraciones</subfield>
  </datafield>
  <datafield tag="505" ind1=" " ind2=" ">
    <subfield code="a">Descubrir el espacioo de trabajo
Personalizar el espacio de trabajo
Crear documentos
Dise&#xF1;ar con mesas de trabajo
Tama&#xF1;o y orientaci&#xF3;n de p&#xE1;ginas
Utilizar reglas, guias y cuadr&#xED;cula
Variar el fondo de un documento
Seleccionar objetos con herramienta de Selecci&#xF3;n
Seleccionar con el lazo y la varita m&#xE1;gica
Desplazar y rotar
Variar la escala y distorcionar objetos
Copiar y duplicar
Expandir, agrupar y desagrupar
Bloquear y desbloquear objetos
Distribuir y alinear objetos
Unir y combinar objetos
Crear l&#xED;neas rectas
Crear rect&#xE1;ngulos y cuadrados
Crear c&#xED;rculos y elipses
Dibujar pol&#xED;gonos y estrellas
Dibujar arcos
Crear espirales
Dibujar una cuadr&#xED;cula
Dibujar con la herramienta l&#xE1;piz</subfield>
  </datafield>
  <datafield tag="519" ind1=" " ind2=" ">
    <subfield code="a">Plan Flexible /
</subfield>
    <subfield code="b">Dise&#xF1;o Gr&#xE1;fico / </subfield>
    <subfield code="c">Dibujo Digital (B16-2) /</subfield>
    <subfield code="d">(03 008514) </subfield>
  </datafield>
  <datafield tag="650" ind1="1" ind2="0">
    <subfield code="a">GR&#xC1;FICAS POR COMPUTADORAS</subfield>
  </datafield>
  <datafield tag="650" ind1="2" ind2="0">
    <subfield code="a">ADOBE ILLUSTRATOR (PROGRAMA PARA COMPUTADORA)</subfield>
  </datafield>
  <datafield tag="710" ind1=" " ind2=" ">
    <subfield code="a">MEDIAactive (FIRMA COMERCIAL)</subfield>
    <subfield code="9">5035</subfield>
  </datafield>
  <datafield tag="942" ind1=" " ind2=" ">
    <subfield code="c">LB</subfield>
  </datafield>
</record>
